Lectura y escritura : educación infantil

Guardado en:
Detalles Bibliográficos
Autor Corporativo: Equipo Edebé
Formato: Libro
Lenguaje:español
Publicado: Barcelona : Edebé, 1997
Catálogo:MANES:  Resultados de Búsqueda del Catálogo
Clasificación de libros de texto:
Materias:
Etiquetas: Agregar Etiqueta
Sin Etiquetas, Sea el primero en etiquetar este registro!
Añadido a:1999-11-29
Cambiado en:2025-05-07

MARC

LEADER 00000cam a2200000#i 4500
005 20250507134616.0
008 000000m1997uuuuespa fp 000 0 spa d
020 |a 8423642275 (V.1)  |a 8423642291 (V.3)  |a 8423642305 (V.4)  |a 8423642313 (V.5)  |a 8423642321 (V.6) 
040 |a uned  |b spa  |c entro-manes 
110 2 |a Equipo Edebé  |9 36706 
245 1 0 |a Lectura y escritura :   |b educación infantil /   |c colaboradores: texto, Equipo Edebé ; ilustración, Merce Arànega y Equipo Edebé] 
260 |a Barcelona :   |b Edebé,   |c 1997 
300 |a [5] v. 
505 1 |a Contiene:   |g V. 1.   |t Trazos y grafismos -   |g V. 3.   |t Lectura y escritura de los fonemas /p/, /l/, /m/, /s/ -   |g V. 4.   |t Lectura y escritura de los fonemas /t/, /n/, /f/, /d/ -   |g V. 5.   |t Lectura y escritura de los fonemas /b/, /r/, /f/ -   |g V. 6.   |t Lectura y escritura de los fonemas/k/, /y/ 
546 |a EspañaEscritura y Lectura 
561 |5 es-BUNED  |3 L.T.M. 0534  |a España. Fondo Manes UNED  |k MANES 
690 0 |a EyL 
650 7 |a Material didáctico 
691 0 |a IN 
942 |2 ddc  |c BK 
999 |c 98521  |d 98521 
999 |c manes:98521  |d 98521